[Event "MCRE_CF12"]
[Site "?"]
[Date "2006.??.??"]
[Round "?"]
[White "Struzka, Vlastimil"]
[Black "Tyrlik, Jaroslav"]
[Result "1/2-1/2"]
[WhiteElo "2094"]
[BlackElo "2076"]
[PlyCount "47"]
[EventDate "2006.??.??"]
[EventType "corr"]
[EventRounds "2"]
[SourceDate "2006.08.10"]

1. Nf3 Nf6 2. d4 d5 3. e3 e6 4. Bd3 c5 5. O-O Nbd7 6. c4 dxc4 7. Bxc4 a6 8. a4
b6 9. d5 exd5 10. Bxd5 Nxd5 11. Qxd5 Rb8 12. Rd1 Qe7 13. Nc3 Bb7 14. Qf5 Qe6
15. Qf4 Rd8 16. e4 Be7 17. Ng5 Qg6 18. a5 b5 19. Qc7 Ba8 20. Nf3 Qc6 21. Qg3
Qg6 22. Qc7 Qc6 23. Qg3 Qg6 24. Qc7 1/2-1/2

[Event "MCRE_CF12"]
[Site "?"]
[Date "2006.??.??"]
[Round "?"]
[White "Tyrlik, Jaroslav"]
[Black "Struzka, Vlastimil"]
[Result "0-1"]
[WhiteElo "2076"]
[BlackElo "2094"]
[PlyCount "88"]
[EventDate "2006.??.??"]
[EventType "corr"]
[EventRounds "2"]
[SourceDate "2006.08.10"]

1. d4 Nf6 2. Nf3 d5 3. e3 Nc6 4. Nbd2 e6 5. Bd3 Nb4 6. Be2 Bd6 7. c4 O-O 8. a3
Nc6 9. Bd3 Ng4 10. b4 f5 11. b5 Na5 12. Qc2 c6 13. c5 Bc7 14. a4 e5 15. Nxe5
Nxe5 16. dxe5 Bxe5 17. Rb1 Be6 18. h3 Qf6 19. O-O Rad8 20. Ba3 Bc3 21. Bb4 Bxd2
22. Bxd2 Nc4 23. Bc3 Qe7 24. Qe2 cxb5 25. axb5 Rc8 26. Rfd1 Rf7 27. Bd4 Rxc5
28. Bxc5 Qxc5 29. Qf3 Nb6 30. Ra1 Nc8 31. Qf4 Qc7 32. Qd4 Qb8 33. Bc4 dxc4 34.
Qh4 h6 35. Rd8+ Kh7 36. Qd4 Qc7 37. Qd1 Qe5 38. Rb1 Nb6 39. Rd4 Rc7 40. Qc1 c3
41. Qc2 Bf7 42. Qd3 c2 43. Rc4 cxb1=Q+ 44. Qxb1 Rxc4 0-1

[Event "MCRE_CF12"]
[Site "?"]
[Date "2006.??.??"]
[Round "?"]
[White "Jednicky, Vaclav"]
[Black "Struzka, Vlastimil"]
[Result "1-0"]
[WhiteElo "1600"]
[BlackElo "2094"]
[PlyCount "73"]
[EventDate "2006.??.??"]
[EventType "corr"]
[EventRounds "2"]
[SourceDate "2006.08.10"]

1. e4 d6 2. Nc3 Nf6 3. d4 g6 4. Nf3 Bg7 5. Be2 O-O 6. O-O Nc6 7. d5 Nb8 8. Re1
Nbd7 9. Be3 c6 10. h3 Qc7 11. Bf1 a6 12. a4 cxd5 13. exd5 b6 14. Qd4 Bb7 15.
Rad1 Rfe8 16. Qb4 Rac8 17. Be2 Nc5 18. Qf4 Nh5 19. Qh4 Bf6 20. Ng5 h6 21. Bxh5
gxh5 22. Qxh5 hxg5 23. Bxg5 Bg7 24. Bh6 e5 25. Re3 Kf8 26. Bxg7+ Kxg7 27. Rd4
Re6 28. dxe6 Nxe6 29. Nd5 Bxd5 30. Rxd5 Nf4 31. Qg4+ Ng6 32. Rc3 Qb7 33. Rxc8
Qxd5 34. h4 Qd4 35. Qxd4 exd4 36. Rc6 Nxh4 37. Rxb6 1-0

[Event "MCRE_CF12"]
[Site "?"]
[Date "2006.??.??"]
[Round "?"]
[White "Struzka, Vlastimil"]
[Black "Jednicky, Vaclav"]
[Result "0-1"]
[WhiteElo "2094"]
[BlackElo "1600"]
[PlyCount "90"]
[EventDate "2006.??.??"]
[EventType "corr"]
[EventRounds "2"]
[SourceDate "2006.08.10"]

1. Nf3 Nf6 2. d4 d5 3. Bf4 e6 4. e3 Bd6 5. Bd3 O-O 6. Nc3 c5 7. dxc5 Bxc5 8.
O-O Nc6 9. Qe2 Re8 10. Bg5 h6 11. Bh4 g5 12. Bg3 e5 13. Nd2 Bg4 14. Qe1 Nb4 15.
Nb3 Bb6 16. Na4 Qd6 17. Qd2 Rac8 18. h3 Bd7 19. Nc3 a5 20. Nd4 Qe7 21. Ndb5 e4
22. Be2 Bxb5 23. Bxb5 Red8 24. a3 d4 25. exd4 Bxd4 26. Qe2 Bxc3 27. bxc3 Nbd5
28. c4 Nc3 29. Qe1 Nxb5 30. cxb5 Nd5 31. f4 e3 32. fxg5 hxg5 33. Rf5 f6 34.
Qxa5 Qe4 35. Rf3 b6 36. Qe1 Rxc2 37. a4 Rdc8 38. Qf1 e2 39. Qe1 Ne3 40. Rf2 f5
41. a5 f4 42. Bxf4 gxf4 43. axb6 R8c5 44. Rxe2 Rxe2 45. Qxe2 Rc2 0-1

[Event "MCRE_CF12"]
[Site "?"]
[Date "2006.??.??"]
[Round "?"]
[White "Krejci, Jan"]
[Black "Tyrlik, Jaroslav"]
[Result "0-1"]
[WhiteElo "2200"]
[BlackElo "2076"]
[PlyCount "54"]
[EventDate "2006.??.??"]
[EventType "corr"]
[EventRounds "2"]
[SourceDate "2006.08.10"]

1. Nf3 Nf6 2. c4 e6 3. g3 d5 4. Bg2 dxc4 5. Qa4+ Bd7 6. Qxc4 Bc6 7. O-O Be7 8.
d4 O-O 9. Nc3 Nbd7 10. Qd3 Bb4 11. Rd1 Bxc3 12. bxc3 Be4 13. Qb5 c5 14. Ba3 Rc8
15. Ne5 a6 16. Qb2 Bxg2 17. Kxg2 Qa5 18. Nxd7 Nxd7 19. e4 b5 20. Qb3 Qb6 21. c4
f5 22. cxb5 fxe4 23. Qe3 axb5 24. Qxe4 b4 25. Rab1 Nf6 26. Qf3 Nd5 27. Qg4 Qc6
0-1

[Event "MCRE_CF12"]
[Site "?"]
[Date "2006.??.??"]
[Round "?"]
[White "Vrnak, Michal"]
[Black "Struzka, Vlastimil"]
[Result "1-0"]
[WhiteElo "1800"]
[BlackElo "2094"]
[PlyCount "67"]
[EventDate "2006.??.??"]
[EventType "corr"]
[EventRounds "2"]
[SourceDate "2006.08.10"]

1. d4 Nf6 2. c4 e6 3. Nf3 d5 4. Bg5 Be7 5. cxd5 exd5 6. e3 Nc6 7. Bb5 O-O 8.
Nc3 Ne4 9. Bxc6 bxc6 10. Bxe7 Qxe7 11. Nxe4 dxe4 12. Ne5 c5 13. O-O Qe6 14. Qa4
f6 15. Nc6 Bd7 16. d5 Bxc6 17. dxc6 Rfb8 18. Qa3 Qxc6 19. Rac1 c4 20. b3 c3 21.
Qa5 Rb5 22. Qxc3 Qxc3 23. Rxc3 Ra5 24. Rxc7 Rxa2 25. Rd1 Rb8 26. g4 Ra5 27. h4
h6 28. Rdd7 g5 29. h5 Ra6 30. Kg2 Ra1 31. Rg7+ Kh8 32. Rh7+ Kg8 33. Rxh6 Ra6
34. Rhh7 1-0

[Event "MCRE_CF12"]
[Site "?"]
[Date "2006.??.??"]
[Round "?"]
[White "Krejci, Jan"]
[Black "Struzka, Vlastimil"]
[Result "0-1"]
[WhiteElo "2000"]
[BlackElo "2094"]
[PlyCount "68"]
[EventDate "2006.??.??"]
[EventType "corr"]
[EventRounds "2"]
[SourceDate "2006.08.10"]

1. Nf3 Nf6 2. c4 e6 3. g3 d5 4. Bg2 Be7 5. O-O O-O 6. b3 d4 7. e3 Nc6 8. Bb2 e5
9. exd4 exd4 10. d3 Bg4 11. Na3 Bc5 12. Nc2 a5 13. Qd2 Qd6 14. Rfe1 Rfd8 15.
Ng5 Bf5 16. Ne4 Bxe4 17. Bxe4 Nxe4 18. Rxe4 f5 19. Ree1 Ne5 20. Qe2 Re8 21. Qd1
Qc6 22. Rxe5 Rxe5 23. Bxd4 Bxd4 24. Nxd4 Qf6 25. Nc2 f4 26. d4 Rg5 27. Qe2 Rf8
28. Re1 fxg3 29. hxg3 Rf5 30. Rf1 Rf3 31. Kg2 c6 32. Qd2 Rxg3+ 33. Kxg3 Qf3+
34. Kh2 Rf5 0-1

[Event "MCRE_CF12"]
[Site "?"]
[Date "2006.??.??"]
[Round "?"]
[White "Jednicky, Vaclav"]
[Black "Krejci, Jan"]
[Result "1-0"]
[WhiteElo "1600"]
[BlackElo "2200"]
[PlyCount "47"]
[EventDate "2006.??.??"]
[EventType "corr"]
[EventRounds "2"]
[SourceDate "2006.08.10"]

1. e4 e5 2. Nf3 Nf6 3. d4 Nxe4 4. Bd3 d5 5. Nxe5 Nd7 6. O-O Nxe5 7. dxe5 Nc5 8.
Be3 Nxd3 9. Qxd3 Be7 10. Nd2 O-O 11. f4 g6 12. Nb3 Bf5 13. Qc3 Be4 14. Rad1 Qd7
15. Bc5 b6 16. Bxe7 Qxe7 17. Qc6 f6 18. Nd2 fxe5 19. Nxe4 dxe4 20. Rd7 Qc5+ 21.
Qxc5 bxc5 22. fxe5 e3 23. e6 Rae8 24. Rff7 1-0

[Event "MCRE_CF12"]
[Site "?"]
[Date "2006.??.??"]
[Round "?"]
[White "Ryska, Jiri"]
[Black "Struzka, Vlastimil"]
[Result "1-0"]
[WhiteElo "2072"]
[BlackElo "2094"]
[PlyCount "75"]
[EventDate "2006.??.??"]
[EventType "corr"]
[EventRounds "2"]
[SourceDate "2006.08.10"]

1. d4 Nf6 2. Nf3 e6 3. Bf4 Nc6 4. e3 Be7 5. c3 O-O 6. Bd3 Nh5 7. O-O Nxf4 8.
exf4 Bd6 9. f5 e5 10. d5 Ne7 11. f6 Nxd5 12. Bxh7+ Kxh7 13. fxg7 Kxg7 14. Qxd5
Qf6 15. Nbd2 c6 16. Qb3 Bc7 17. c4 d6 18. Rfe1 Rh8 19. Rad1 b6 20. Qa4 Bb7 21.
Ne4 Qe6 22. Re3 f6 23. Qc2 Rad8 24. Ng3 Kf7 25. Nd4 Qd7 26. Ndf5 c5 27. Red3
Qe6 28. Ne3 Bb8 29. Nd5 Qg4 30. Rf3 Bxd5 31. cxd5 Rdg8 32. Re1 b5 33. h3 Qd7
34. Ne4 Rh6 35. Ree3 Rgg6 36. Rg3 Bc7 37. Rxg6 Kxg6 38. Nxc5+ 1-0

[Event "MCRE_CF12"]
[Site "?"]
[Date "2006.??.??"]
[Round "?"]
[White "Struzka, Vlastimil"]
[Black "Ryska, Jiri"]
[Result "1-0"]
[WhiteElo "2094"]
[BlackElo "2072"]
[PlyCount "73"]
[EventDate "2006.??.??"]
[EventType "corr"]
[EventRounds "2"]
[SourceDate "2006.08.10"]

1. Nf3 Nf6 2. d4 g6 3. e3 Bg7 4. Bd3 d5 5. O-O O-O 6. c4 c6 7. Nc3 dxc4 8. Bxc4
Nbd7 9. e4 Nb6 10. Be2 Qc7 11. a4 a5 12. Qc2 Rd8 13. Re1 h6 14. Ne5 Nbd7 15.
Bf4 Nxe5 16. Bxe5 Qb6 17. Bc4 Ng4 18. Bxg7 Kxg7 19. Ne2 Nf6 20. Ra3 e5 21. Rb3
Qa7 22. Rg3 b5 23. axb5 cxb5 24. Bxb5 exd4 25. Nf4 Qb6 26. Bd3 Kh8 27. Nxg6+
fxg6 28. Rxg6 Qb4 29. Rxh6+ Nh7 30. Rc1 Qf8 31. Qd2 Ra7 32. Rcc6 Rdd7 33. e5
Rg7 34. e6 Kg8 35. Qc2 Rxg2+ 36. Kxg2 Qxh6 37. Bxh7+ 1-0

[Event "MCRE_CF12"]
[Site "?"]
[Date "2006.??.??"]
[Round "?"]
[White "Struzka, Vlastimil"]
[Black "Vrnak, Michal"]
[Result "0-1"]
[WhiteElo "2094"]
[BlackElo "1800"]
[PlyCount "86"]
[EventDate "2006.??.??"]
[EventType "corr"]
[EventRounds "2"]
[SourceDate "2006.08.10"]

1. Nf3 d5 2. g3 c6 3. Bg2 Bg4 4. O-O Nf6 5. d3 Nbd7 6. Nbd2 e5 7. h3 Be6 8. Ng5
Bd6 9. e4 O-O 10. f4 exf4 11. gxf4 g6 12. Nb3 Qb6+ 13. Kh2 Nh5 14. Qe1 Qc7 15.
e5 Nxe5 16. fxe5 Bxe5+ 17. Kg1 Bh2+ 18. Kh1 Rae8 19. Qh4 Bd7 20. Nf3 Bd6 21.
Kg1 Re2 22. Nbd4 Qb6 23. c3 Rfe8 24. a4 a5 25. b4 f6 26. bxa5 Qa7 27. Kh1 Ng3+
28. Kg1 Nf5 29. Qg4 Nxd4 30. Qxd7 Nf5+ 31. Nd4 R2e7 32. Bxd5+ Kh8 33. Bxc6 Rxd7
34. Bxd7 Nxd4 35. Bxe8 Nb3+ 36. Kg2 Nxa1 37. Rxf6 Qc5 38. Bb5 Nb3 39. Bf4 Qd5+
40. Kf2 Bc5+ 41. Kg3 Nd4 42. cxd4 Qxd4 43. Bg5 Qg1+ 0-1

[Event "MCRE_CF12"]
[Site "?"]
[Date "2006.??.??"]
[Round "?"]
[White "Tyrlik, Jaroslav"]
[Black "Krejci, Jan"]
[Result "1-0"]
[WhiteElo "2076"]
[BlackElo "2200"]
[PlyCount "59"]
[EventDate "2006.??.??"]
[EventType "corr"]
[EventRounds "2"]
[SourceDate "2006.08.10"]

1. d4 Nf6 2. c4 g6 3. Nc3 Bg7 4. e4 d6 5. Be2 O-O 6. Nf3 Nbd7 7. O-O e5 8. dxe5
dxe5 9. Qa4 c6 10. Rd1 Qc7 11. b4 Nh5 12. Be3 Nf4 13. Bf1 Re8 14. c5 Nf6 15. b5
Bg4 16. bxc6 bxc6 17. Rd6 Bxf3 18. Rxc6 Qe7 19. gxf3 g5 20. Nb5 g4 21. Rc7 Qf8
22. Nd6 Re7 23. Rxe7 Qxe7 24. Rb1 gxf3 25. Bxf4 exf4 26. Rb7 Qe6 27. h3 Bf8 28.
Nxf7 Qc8 29. Qb3 Qxc5 30. Qe6 1-0

[Event "MCRE_CF12"]
[Site "?"]
[Date "2006.??.??"]
[Round "?"]
[White "Ryska, Jiri"]
[Black "Tyrlik, Jaroslav"]
[Result "1/2-1/2"]
[WhiteElo "2072"]
[BlackElo "2076"]
[PlyCount "95"]
[EventDate "2006.??.??"]
[EventType "corr"]
[EventRounds "2"]
[SourceDate "2006.08.10"]

1. e4 e6 2. Nf3 d5 3. e5 c5 4. c4 Nc6 5. d4 cxd4 6. Nxd4 Nge7 7. cxd5 Qxd5 8.
Nxc6 Nxc6 9. Qxd5 exd5 10. Bf4 Bb4+ 11. Nd2 O-O 12. a3 Ba5 13. O-O-O Bf5 14. b4
Bc7 15. Nf3 Rac8 16. Kb2 Be4 17. b5 Na5 18. Ng5 f6 19. Nxe4 dxe4 20. Be2 Bxe5+
21. Bxe5 fxe5 22. f3 Nc4+ 23. Bxc4+ Rxc4 24. Rd7 exf3 25. gxf3 b6 26. Rxa7 Rh4
27. Rb7 Rxf3 28. Rb8+ Kf7 29. Rb7+ Kf8 30. Rb8+ Ke7 31. Rb7+ Kd6 32. Rxb6+ Kc5
33. Rb7 Rf2+ 34. Kb1 Rhxh2 35. Rxh2 Rxh2 36. Rxg7 Kxb5 37. Re7 Rh5 38. Kc2 Kc4
39. Kd2 Kd4 40. Rd7+ Ke4 41. a4 Rh3 42. Kc2 h5 43. Rh7 Ra3 44. Rxh5 Kd4 45. Rh7
Rxa4 46. Kd2 Ra2+ 47. Ke1 e4 48. Rh3 1/2-1/2

[Event "MCRE_CF12"]
[Site "?"]
[Date "2006.??.??"]
[Round "?"]
[White "Tyrlik, Jaroslav"]
[Black "Ryska, Jiri"]
[Result "1/2-1/2"]
[WhiteElo "2076"]
[BlackElo "2072"]
[PlyCount "98"]
[EventDate "2006.??.??"]
[EventType "corr"]
[EventRounds "2"]
[SourceDate "2006.08.10"]

1. d4 Nf6 2. c4 Nc6 3. Nc3 e6 4. e4 Bb4 5. a3 Bxc3+ 6. bxc3 Nxe4 7. Qg4 Nf6 8.
Qxg7 Rg8 9. Qh6 Rg6 10. Qd2 d5 11. cxd5 Qxd5 12. Nf3 Na5 13. Qd3 Nb3 14. Rb1
Nxc1 15. Rxc1 Nd7 16. Be2 Rxg2 17. Qxh7 Nf8 18. Qh6 Rg8 19. h4 c5 20. h5 cxd4
21. cxd4 b6 22. Qe3 Bb7 23. Qe5 Nd7 24. Qxd5 Bxd5 25. h6 Ke7 26. Rh3 Rac8 27.
Rxc8 Rxc8 28. Ne5 Be4 29. f4 Rh8 30. Nxd7 Kxd7 31. Kd2 Bf5 32. Rh5 Bg6 33. Rh4
Ke7 34. Bf3 Kf6 35. Kc3 Bf5 36. Kc4 Kg6 37. Kb5 Bd3+ 38. Kc6 Rh7 39. Bh5+ Kf6
40. Bd1 Kg6 41. Kb7 f5+ 42. Kc6 Bc4 43. Rh2 Kf6 44. Bf3 Kg6 45. Rh4 Bb3 46. Kd6
Kf6 47. Rh3 Bc4 48. Rh1 Bb5 49. Bc6 Bc4 1/2-1/2

[Event "MCRE_CF12"]
[Site "?"]
[Date "2006.??.??"]
[Round "?"]
[White "Jednicky, Vaclav"]
[Black "Tyrlik, Jaroslav"]
[Result "1/2-1/2"]
[WhiteElo "1600"]
[BlackElo "2076"]
[PlyCount "109"]
[EventDate "2006.??.??"]
[EventType "corr"]
[EventRounds "2"]
[SourceDate "2006.08.10"]

1. e4 e6 2. d4 d5 3. e5 c5 4. Nf3 Nc6 5. c3 Qb6 6. Bd3 cxd4 7. cxd4 Bd7 8. O-O
Nxd4 9. Nxd4 Qxd4 10. Nc3 a6 11. Qe2 Ne7 12. Kh1 Nc6 13. f4 Nb4 14. Rd1 Bc5 15.
Bxa6 Qf2 16. Qxf2 Bxf2 17. Bb5 Ke7 18. a3 Rhd8 19. f5 Nc2 20. Bg5+ f6 21. exf6+
gxf6 22. Bxd7 Rxd7 23. Rac1 Nxa3 24. fxe6 Kxe6 25. Rd2 Bc5 26. Re1+ Kf5 27. Ne4
Bb4 28. Rf2+ Kg6 29. Rxf6+ Kg7 30. Rd1 Nc4 31. Rff1 h6 32. Bc1 Rf7 33. Rxf7+
Kxf7 34. Rxd5 Ra1 35. Rd1 Nxb2 36. Rg1 Nc4 37. Bxh6 Rxg1+ 38. Kxg1 Kg6 39. Bc1
Kf5 40. Ng3+ Kg4 41. Kf2 Bc5+ 42. Ke2 Bd6 43. Nf1 b5 44. h3+ Kf5 45. Kd3 Bf4
46. Ne3+ Kg5 47. Ke4 Nd6+ 48. Kf3 Nf5 49. Nxf5 Bxc1 50. Nd4 b4 51. g3 Kh5 52.
Ke2 Bg5 53. Kd3 Bf6 54. Ke4 Bd8 55. Nb3 1/2-1/2

[Event "MCRE_CF12"]
[Site "?"]
[Date "2006.??.??"]
[Round "?"]
[White "Struzka, Vlastimil"]
[Black "Markytan, Vladislav"]
[Result "1/2-1/2"]
[WhiteElo "2094"]
[BlackElo "2227"]
[PlyCount "82"]
[EventDate "2006.??.??"]
[EventType "corr"]
[EventRounds "2"]
[SourceDate "2006.08.10"]

1. Nf3 Nf6 2. d4 e6 3. Bg5 d5 4. e3 Nbd7 5. Bd3 c5 6. c3 Bd6 7. O-O Qb6 8. Qc2
O-O 9. Nbd2 Qc7 10. dxc5 Qxc5 11. c4 h6 12. Bh4 b6 13. Nb3 Qc7 14. cxd5 Nxd5
15. Qe2 Nc5 16. Rac1 Bb7 17. Rfd1 Rac8 18. Nxc5 bxc5 19. Kh1 Rb8 20. Rd2 a5 21.
b3 a4 22. bxa4 Qa5 23. Qd1 Rfc8 24. Bb5 g5 25. Bg3 Bxg3 26. hxg3 Nc3 27. Qc2
Nxb5 28. axb5 Bxf3 29. gxf3 Rxb5 30. Kg2 c4 31. Rh1 Kg7 32. Rd7 Rd5 33. Rxd5
Qxd5 34. Rd1 Qa5 35. Rc1 c3 36. a4 Rc5 37. e4 Rc7 38. Qd3 Qb4 39. Qd8 Qc5 40.
Qd3 e5 41. Rc2 Qc4 1/2-1/2

[Event "MCRE_CF12"]
[Site "?"]
[Date "2006.??.??"]
[Round "?"]
[White "Jednicky, Vaclav"]
[Black "Markytan, Vladislav"]
[Result "1/2-1/2"]
[WhiteElo "1600"]
[BlackElo "2227"]
[PlyCount "72"]
[EventDate "2006.??.??"]
[EventType "corr"]
[EventRounds "2"]
[SourceDate "2006.08.10"]

1. e4 e6 2. d4 d5 3. Nd2 Nf6 4. Bd3 c5 5. c3 dxe4 6. Nxe4 cxd4 7. Nxf6+ gxf6 8.
Ne2 dxc3 9. Nxc3 Bd7 10. O-O Bc6 11. Qe2 Rg8 12. g3 Bb4 13. Bd2 Bxc3 14. Bxc3
Qd5 15. f3 Qc5+ 16. Kg2 Nd7 17. Rac1 Qg5 18. Bxh7 Rh8 19. h4 Qh5 20. Be4 Bb5
21. Bd3 Bc6 22. Kh3 Rd8 23. f4 Nc5 24. Qxh5 Rxh5 25. Be2 Rh6 26. Rfd1 Rxd1 27.
Rxd1 Ne4 28. Bd4 a6 29. h5 f5 30. Kh4 Rh7 31. Bf3 f6 32. Rc1 Kf7 33. Bxe4 Bxe4
34. Rc7+ Kg8 35. Rxh7 Kxh7 36. Bxf6 Bf3 1/2-1/2

[Event "MCRE_CF12"]
[Site "?"]
[Date "2006.??.??"]
[Round "?"]
[White "Vrnak, Michal"]
[Black "Jednicky, Vaclav"]
[Result "1/2-1/2"]
[WhiteElo "1800"]
[BlackElo "1600"]
[PlyCount "63"]
[EventDate "2006.??.??"]
[EventType "corr"]
[EventRounds "2"]
[SourceDate "2006.08.10"]

1. d4 Nf6 2. c4 e6 3. Nf3 d5 4. g3 dxc4 5. Bg2 Nc6 6. O-O Rb8 7. a4 a6 8. Na3
Na5 9. Bg5 h6 10. Bf4 Bxa3 11. Rxa3 b6 12. Bd2 Bb7 13. Bxa5 bxa5 14. Qc1 Bxf3
15. Bxf3 Qxd4 16. Rc3 Rb4 17. e3 Qc5 18. Be2 O-O 19. Rxc4 Rxc4 20. Bxc4 Qb6 21.
Rd1 Rb8 22. b3 Ne4 23. Be2 Ng5 24. h4 Ne4 25. Qc4 Nd6 26. Qc3 Ne8 27. Rc1 Rd8
28. Bf3 Qb4 29. Kg2 Qa3 30. Rb1 Qb4 31. Rc1 Qa3 32. Ra1 1/2-1/2

[Event "MCRE_CF12"]
[Site "?"]
[Date "2006.??.??"]
[Round "?"]
[White "Markytan, Vladislav"]
[Black "Struzka, Vlastimil"]
[Result "1/2-1/2"]
[WhiteElo "2227"]
[BlackElo "2094"]
[PlyCount "103"]
[EventDate "2006.??.??"]
[EventType "corr"]
[EventRounds "2"]
[SourceDate "2006.08.10"]

1. d4 Nf6 2. c4 e6 3. Nc3 d5 4. Nf3 Be7 5. Bg5 O-O 6. e3 b6 7. Qb3 Bb7 8. Bxf6
Bxf6 9. cxd5 exd5 10. Rd1 c6 11. Be2 Nd7 12. O-O Be7 13. Rfe1 f5 14. Bd3 Rc8
15. e4 fxe4 16. Rxe4 Bd6 17. Re3 Nf6 18. Rde1 g6 19. h3 Nh5 20. Qa4 c5 21. Nb5
Bc6 22. Qd1 Bxb5 23. Bxb5 Nf4 24. g3 Nxh3+ 25. Kg2 Nxf2 26. Kxf2 Qg5 27. Re5
Bxe5 28. dxe5 Rcd8 29. Kg2 Qe7 30. e6 Rd6 31. Ne5 Kg7 32. Nc6 Qf6 33. e7 Re8
34. Qd2 Rxc6 35. Rf1 Qxe7 36. Bxc6 Qe2+ 37. Rf2 Qe4+ 38. Rf3 Re5 39. Qf4 Qxf4
40. gxf4 Re2+ 41. Rf2 Rxf2+ 42. Kxf2 d4 43. Bb5 Kf6 44. Kf3 g5 45. Be2 h6 46.
Ke4 gxf4 47. Kxf4 Ke6 48. Ke4 Kf6 49. b4 cxb4 50. Kxd4 a5 51. Bd1 Ke6 52. Kc4
1/2-1/2

[Event "MCRE_CF12"]
[Site "?"]
[Date "2006.??.??"]
[Round "?"]
[White "Ryska, Jiri"]
[Black "Vrnak, Michal"]
[Result "1/2-1/2"]
[WhiteElo "2072"]
[BlackElo "1800"]
[PlyCount "58"]
[EventDate "2006.??.??"]
[EventType "corr"]
[EventRounds "2"]
[SourceDate "2006.08.10"]

1. c4 e6 2. Nc3 d5 3. d4 c6 4. Bf4 Nf6 5. e3 Be7 6. Bd3 O-O 7. cxd5 exd5 8. Qc2
Bg4 9. h3 Bh5 10. Nf3 Nbd7 11. Ne5 Bg6 12. Nxg6 fxg6 13. O-O Nh5 14. Bh2 Nb6
15. Be5 Bd6 16. Ne2 Kh8 17. a4 a5 18. f4 Nf6 19. Nc3 Qe7 20. e4 dxe4 21. Nxe4
Nxe4 22. Bxe4 Rad8 23. Rad1 Nd7 24. Rf3 Bb4 25. Kh1 g5 26. Bc7 Rc8 27. Be5 Rcd8
28. Bc7 Rc8 29. Be5 Rcd8 1/2-1/2

[Event "MCRE_CF12"]
[Site "?"]
[Date "2006.??.??"]
[Round "?"]
[White "Krejci, Jan"]
[Black "Jednicky, Vaclav"]
[Result "0-1"]
[WhiteElo "2220"]
[BlackElo "1600"]
[PlyCount "55"]
[EventDate "2006.??.??"]
[EventType "corr"]
[EventRounds "2"]
[SourceDate "2006.08.10"]

1. Nf3 Nf6 2. c4 e6 3. g3 d5 4. Bg2 dxc4 5. Qa4+ Bd7 6. Qxc4 Bc6 7. O-O Nbd7 8.
d4 Bd6 9. Nc3 O-O 10. Rd1 h6 11. Ne5 Bxg2 12. Kxg2 Qe7 13. Nxd7 Nxd7 14. e4 Nb6
15. Qb3 a5 16. a3 a4 17. Qb5 c6 18. Qe2 f5 19. e5 Bc7 20. Be3 Qf7 21. f4 Bd8
22. h4 Qd7 23. Rac1 Be7 24. Kh3 Qe8 25. Rh1 h5 26. Bf2 Qg6 27. Kg2 Rfd8 28. Be3
0-1

[Event "MCRE_CF12"]
[Site "?"]
[Date "2006.??.??"]
[Round "?"]
[White "Krejci, Jan"]
[Black "Ryska, Jiri"]
[Result "0-1"]
[WhiteElo "2200"]
[BlackElo "2072"]
[PlyCount "56"]
[EventDate "2006.??.??"]
[EventType "corr"]
[EventRounds "2"]
[SourceDate "2006.08.10"]

1. Nf3 d5 2. c4 c6 3. b3 Nf6 4. g3 Bf5 5. Bg2 e6 6. O-O Nbd7 7. Bb2 Bd6 8. d3
O-O 9. Nbd2 e5 10. cxd5 cxd5 11. Rc1 Re8 12. Rc2 Rc8 13. Rxc8 Qxc8 14. Qa1 Qd8
15. Re1 d4 16. Nh4 Bg4 17. a3 b5 18. Ne4 Nxe4 19. Bxe4 Nc5 20. Bc6 Bd7 21. Bxd7
Qxd7 22. b4 Na4 23. Rc1 a5 24. bxa5 Ra8 25. Rc2 Rxa5 26. Nf3 Ra8 27. Qa2 Qb7
28. Qb3 h6 0-1

[Event "MCRE_CF12"]
[Site "?"]
[Date "2006.??.??"]
[Round "?"]
[White "Ryska, Jiri"]
[Black "Krejci, Jan"]
[Result "1-0"]
[WhiteElo "2072"]
[BlackElo "2200"]
[PlyCount "55"]
[EventDate "2006.??.??"]
[EventType "corr"]
[EventRounds "2"]
[SourceDate "2006.08.10"]

1. e4 e5 2. Nf3 Nf6 3. Nxe5 d6 4. Nf3 Nxe4 5. d4 d5 6. Bd3 Nc6 7. O-O Be7 8.
Nbd2 Nxd2 9. Bxd2 Bg4 10. c3 O-O 11. h3 Bh5 12. Re1 Bd6 13. g4 Bg6 14. Bf1 Qd7
15. Nh4 Be4 16. f3 Bg6 17. Nxg6 fxg6 18. Qe2 Bg3 19. Qe6+ Qf7 20. Qxf7+ Rxf7
21. Re2 Rxf3 22. Bg2 Rff8 23. Bxd5+ Kh8 24. Kg2 Bd6 25. Rae1 a5 26. a4 h6 27.
h4 Rad8 28. Bf3 1-0

[Event "MCRE_CF12"]
[Site "?"]
[Date "2006.??.??"]
[Round "?"]
[White "Struzka, Vlastimil"]
[Black "Krejci, Jan"]
[Result "1-0"]
[WhiteElo "2094"]
[BlackElo "2220"]
[PlyCount "83"]
[EventDate "2006.??.??"]
[EventType "corr"]
[EventRounds "2"]
[SourceDate "2006.08.10"]

1. d4 d5 2. Bf4 Nf6 3. e3 e6 4. Bd3 Bd6 5. Nf3 Bxf4 6. exf4 c5 7. dxc5 Qa5+ 8.
Qd2 Qxc5 9. O-O O-O 10. Nc3 Nc6 11. a3 Ne7 12. Nb5 a6 13. Nbd4 Bd7 14. Rfe1
Rac8 15. Ne5 g6 16. Qe3 Rfe8 17. c3 Nc6 18. g4 Nxd4 19. cxd4 Qe7 20. g5 Nh5 21.
Be2 f5 22. Rac1 Ng7 23. Qb3 b5 24. Rc5 Rxc5 25. dxc5 Rc8 26. Qe3 Bc6 27. b4 Qb7
28. Qd4 Ra8 29. Rb1 Be8 30. Rb3 Qa7 31. Rb2 Rc8 32. Rc2 Rc7 33. Rc3 Rc8 34. Qe3
Kf8 35. Nf3 Qc7 36. Nd4 Kf7 37. a4 bxa4 38. Bxa6 Ra8 39. b5 a3 40. c6 Qd6 41.
Rxa3 Nh5 42. b6 1-0

[Event "MCRE_CF12"]
[Site "?"]
[Date "2006.??.??"]
[Round "?"]
[White "Vrnak, Michal"]
[Black "Krejci, Jan"]
[Result "1-0"]
[WhiteElo "1800"]
[BlackElo "2200"]
[PlyCount "57"]
[EventDate "2006.??.??"]
[EventType "corr"]
[EventRounds "2"]
[SourceDate "2006.08.10"]

1. d4 Nf6 2. c4 e6 3. Nf3 b6 4. g3 Ba6 5. b3 d5 6. Bg2 Bb4+ 7. Bd2 Be7 8. cxd5
Nxd5 9. Nc3 Nd7 10. Nxd5 exd5 11. O-O O-O 12. Rc1 c5 13. Bf4 Re8 14. Re1 Bf6
15. Bh3 Bxd4 16. Nxd4 cxd4 17. Qxd4 Nc5 18. Bg2 Rxe2 19. Rxe2 Bxe2 20. Qd2 Bg4
21. Bg5 Qd7 22. Qxd5 Re8 23. Qxd7 Bxd7 24. Be3 g6 25. h3 Rc8 26. g4 Be6 27. b4
Nd3 28. Rxc8+ Bxc8 29. a3 1-0

[Event "MCRE_CF12"]
[Site "?"]
[Date "2006.??.??"]
[Round "?"]
[White "Krejci, Jan"]
[Black "Vrnak, Michal"]
[Result "0-1"]
[WhiteElo "2200"]
[BlackElo "1800"]
[PlyCount "60"]
[EventDate "2006.??.??"]
[EventType "corr"]
[EventRounds "2"]
[SourceDate "2006.08.10"]

1. Nf3 d5 2. d4 Bg4 3. Ne5 Bf5 4. e3 Nd7 5. Bd3 Bxd3 6. Nxd3 e6 7. O-O Bd6 8.
Nd2 Qh4 9. f4 Ngf6 10. c4 c6 11. Nf3 Qh5 12. c5 Be7 13. b4 a6 14. a4 Ne4 15.
Bd2 O-O 16. Nfe5 Qxd1 17. Rfxd1 Nxe5 18. Nxe5 g5 19. g3 h5 20. Kf1 Kg7 21. Ke2
g4 22. Rdb1 Rh8 23. Be1 f6 24. Nd3 h4 25. Kf1 hxg3 26. Bxg3 Nd2+ 27. Kg2 Nxb1
28. Rxb1 Kg6 29. Nf2 Kf5 30. h3 gxh3+ 0-1

[Event "MCRE_CF12"]
[Site "?"]
[Date "2006.??.??"]
[Round "?"]
[White "Markytan, Vladislav"]
[Black "Krejci, Jan"]
[Result "1-0"]
[WhiteElo "2227"]
[BlackElo "2200"]
[PlyCount "63"]
[EventDate "2006.??.??"]
[EventType "corr"]
[EventRounds "2"]
[SourceDate "2006.08.10"]

1. d4 d5 2. c4 c6 3. Nf3 Nf6 4. Nc3 e6 5. e3 Nbd7 6. Qc2 Bd6 7. Bd2 O-O 8. h3
c5 9. cxd5 exd5 10. Be2 a6 11. O-O Re8 12. Rfc1 b5 13. dxc5 Nxc5 14. b4 Nce4
15. Be1 Bd7 16. Qb3 Rc8 17. Nxd5 Nxd5 18. Qxd5 Bxh3 19. Qd1 Bg4 20. a4 Rxc1 21.
Rxc1 Qe7 22. axb5 axb5 23. Nd4 Bxe2 24. Qxe2 Qh4 25. Qxb5 Qh2+ 26. Kf1 Rf8 27.
Qc6 Qh1+ 28. Ke2 Qxg2 29. Kd3 Bxb4 30. Bxb4 Nxf2+ 31. Kc4 Qxc6+ 32. Nxc6 1-0